000 00587cab a22001935a 4500
001 L158315
008 141205e20141129xxk 000 0 eng d
035 _a(Sirsi) u158315
041 0 _aeng
100 1 _aDollar, Peta
245 0 0 _aLooking for loopholes
260 _c2014
490 _aEstates Gazette
_v(1448) 29 November, 122-123(2)
520 _aHow landlords can structure a transaction so as to avoid falling foul of legislation relating to residential tenants' rights.
590 _aKA
651 4 _aENGLAND AND WALES
690 _aLandlord and tenant
_96252
942 _n0
999 _c84559
_d84559